00729nam a2200241 a 4500001001300000003000900013005001700022008004100039020002500080082001700105100001900122245004300141260004400184300000900228500003500237505001000272650002400282700001900306902000800325942000700333952013000340999001700470nice12345678IN_TiNIC20260116014112.0050524s2002 newa grp 000 0 eng  a1929223 c717.600a291.172bSMO aSmoch, David R aInterfaith Dialogue and Peace Building aNew YorkbWashington Square Pressc2002 a150p aincludes index and biblioraphy2 aIndex aInterfaith Dialogue1 aSmoch, David R bSRS cBK 001040708StackRoom-aHMIbHMId2012-08-08g717.60l1o291.172 SMOp020833r2024-03-13s2023-11-21v717.60w2005-05-24yBK c13884d13884